Normal view
MARC view
- Leiva Olivencia, Juan José
Entry Nombre Personal
001 - NUMERO DE CONTROL
- campo de control: 37411
003 - IDENTIFICADOR DE NUMERO DE CONTROL
- campo de control: UPN
005 - FECHA Y HORA DE LA ÜLTIMA TRANSACCIÓN
- campo de control: 20210219194524.0
008 - DATOS DE LONGITUD FIJA
- campo de control de longitud fija: nabaccnnaabn|||||||||| b |nc|||||d
035 ## - NUMERO DE CONTROL
- Número de control: UPN11000009518
040 ## - FUENTE DE CATALOGACIÓN
- Lenguaje de catalogación: SPA
- Agencia de transcripción: UPN
100 1# - ENCABEZAMIENTO - NOMBRE PERSONAL
- Nombre personal: Leiva Olivencia, Juan José
670 ## - FUENTE EN LA QUE SE LOCALIZARON DATOS
- Cita de la fuente: T
- Uniform Resource Identifier: http://www.editorial-club-universitario.es/autor.asp?ref=909
680 ## - NOTA PUBLICA DE ACCESO PÚBLICO
- Frase explicativa de la referencia: Licenciado en Pedagogía y doctor en Psicopedagogía por la Universidad de Málaga. Especialista en temas de convivencia, interculturalidad y diversidad cultural. En la actualidad, es profesor de Didáctica y Organización Escolar en la Facultad de Ciencias de la Educación de la Universidad de Málaga.
902 ## - CATALOGADOR
- Catalogador: MITM/050815
